| 000 | 00589nam a2200193Ia 4500 | ||
|---|---|---|---|
| 008 | 140626s9999 xx 000 0 und d | ||
| 100 | _aJordan, Jennifer.. | ||
| 245 |
_aSomeone to look up to : _b executive-follower ethical reasoning and perceptions of ethical leadership / _cJennifer Jordan ... [et al.]. |
||
| 260 | _cc2013. | ||
| 300 | _a39 : 3, page 660 | ||
| 440 | _aJournal of Management | ||
| 521 | _aBSBA | ||
| 650 | _aCognitive development. | ||
| 650 | _aEthical leadership. | ||
| 650 | _aEthics. | ||
| 650 | _aLeadership. | ||
| 650 | _aMoral reasoning. | ||
| 942 | _cSE | ||
| 999 |
_c121024 _d121024 |
||